Statistics for EU4 trade nodes

Click here to take the quiz!

General Stats

  • This quiz has been taken 404 times
    (394 since last reset)
  • The average score is 107 of 195

Answer Stats

Upstream NodesAnswerDownstream Nodes% Correct
RagusaVenice
95%
WienVenice
95%
AlexandriaVenice(none)
95%
TunisGenoa
94%
ValenciaGenoa
94%
RagusaGenoa
94%
ChampagneGenoa
94%
AlexandriaGenoa(none)
94%
North SeaEnglish Channel
90%
Chesapeake BayEnglish Channel
90%
ChampagneEnglish Channel(none)
90%
Ivory CoastEnglish Channel
90%
LübeckEnglish Channel
90%
Gulf of AdenAlexandriaVenice
85%
EthiopiaAlexandriaGenoa
85%
AleppoAlexandriaConstantinople
85%
CrimeaConstantinople
83%
AlexandriaConstantinople
83%
AleppoConstantinopleRagusa
83%
Gulf of St. LawrenceNorth SeaEnglish Channel
82%
White SeaNorth SeaLübeck
82%
North SeaLübeck
79%
SaxonyLübeck
79%
Baltic SeaLübeckEnglish Channel
79%
RheinlandLübeck
79%
ConstantinopleRagusaGenoa
78%
RagusaWien
78%
RagusaVenice
78%
CaribbeanSevillaValencia
77%
TunisSevilla
77%
SafiSevilla
77%
Ivory CoastSevilla
77%
TunisSevilla
77%
TunisValencia
77%
KatsinaTunisGenoa
77%
KrakowBaltic SeaLübeck
75%
NovgorodBaltic Sea
75%
KazanNovgorodBaltic Sea
73%
KievNovgorodWhite Sea
73%
CaliforniaMexicoCaribbean
72%
Rio GrandeMexicoNippon
72%
MexicoPanama
72%
PanamaCaribbean
71%
AmazonasCaribbeanBordeaux
71%
Mississippi RiverCaribbean
71%
MexicoCaribbeanSevilla
71%
Ivory CoastCaribbeanChesapeake Bay
71%
Ivory CoastBordeaux
70%
Gulf of St LawrenceBordeaux
70%
CaribbeanBordeauxChampagne
70%
MalaccaBengalDoab
68%
LhasaBengalCoromandel
68%
BurmaBengal
68%
AmazonasBrazilIvory Coast
68%
Rio de La PlataBrazil
68%
(none)CaliforniaGirin
68%
CaliforniaMexico
68%
CaliforniaMississippi River
68%
Xi'anBeijing
67%
HangzhouBeijing
67%
GirinBeijingYuman
67%
BasraPersiaAleppo
67%
LahorePersia
67%
SamakandPersia
67%
AstrakhanCrimeaConstantinople
66%
CrimeaKiev
66%
PersiaAleppoConstantinople
65%
BasraAleppoAlexandria
65%
CantonMalaccaBengal
65%
HangzhouMalaccaCape of Good Hope
65%
The MoluccasMalacca
65%
SiamMalacca
65%
KrakowWienRheinland
65%
PestWienSaxony
65%
(none)AustraliaThe Moluccas
64%
RheinlandChampagneGenoa
62%
BordeauxChampagneEnglish Channel
62%
BrazilIvory CoastBordeaux
61%
KongoIvory CoastEnglish Channel
61%
Cape of Good HopeIvory CoastCaribbean
61%
TimbuktuIvory CoastSevilla
61%
KrakowWien
61%
KrakowSaxony
61%
KievKrakowBaltic Sea
61%
SevillaValenciaGenoa
61%
TunisValencia
61%
WienSaxonyRheinland
58%
KrakowSaxonyLübeck
58%
MalaccaCape of Good Hope
57%
CoromandelCape of Good HopeIvory Coast
57%
ZanzibarCape of Good Hope
57%
Gulf of AdenHormuzBasra
57%
GujaratHormuz
57%
KievNovgorod
57%
CrimeaKievKrakow
57%
GirinNipponHangzhou
57%
MexicoNippon
57%
NovgorodWhite seaNorth Sea
56%
CoromandelGulf of AdenAlexandria
55%
EthiopiaGulf of AdenHormuz
55%
GujaratGulf of AdenZanzibar
55%
ChengduCantonHangzhou
54%
CantonPhilippines
54%
CantonMalacca
54%
MalaccaZanzibar
53%
Gulf of AdenZanzibar
53%
Great LakesZanzibarCape of Good Hope
53%
ZambeziZanzibar
53%
KatsinaEthiopiaAlexandria
52%
EthiopiaGulf of Aden
52%
PatagoniaRio de La Plata
52%
CuiabaRio de La PlataBrazil
52%
SiberiaSamarkand
51%
GirinSiberiaKazan
51%
PhilippinesPanama
50%
MexicoPanama
50%
LimaPanamaCaribbean
50%
PestWien
50%
RagusaPestKrakow
50%
(none)Hudson BayGulf of St. Lawrence
48%
TimbuktuSafiSevilla
48%
PhilippinesThe Moluccas
48%
AustraliaThe MoluccasMalacca
48%
CantonPhilippinesThe Moluccas
46%
PhilippinesPanama
46%
SiberiaKazan
45%
AstrakhanKazanNovgorod
45%
KongoZambezi
45%
Great LakesKongoIvory Coast
45%
(none)SiamMalacca
45%
SamarkandAstrakhanCrimea
44%
AstrakhanKazan
44%
BasraPersia
44%
HormuzBasraAleppo
44%
LahoreSamarkandAstrakhan
44%
SiberiaSamarkandPersia
44%
YumenSamarkand
44%
DeccanCoromandelGujarat
43%
CoromandelGulf of Aden
43%
BengalCoromandelCape of Good Hope
43%
KatsinaTimbuktuIvory Coast
43%
TimbuktuSafi
43%
OhioChesapeake BayGulf of St. Lawrence
42%
CaribbeanChesapeake BayEnglish Channel
42%
LahoreGujaratSamarkand
41%
DeccanGujaratHormuz
41%
Rio GrandeMississippi RiverOhio
38%
CaliforniaMississippi RiverCaribbean
38%
ChengduBurmaBengal
35%
DeccanGujurat
34%
DoabDeccanCoromandel
34%
Great LakesZanzibar
33%
(none)Great LakesKongo
33%
CuiabaLimaPanama
33%
LahoreSamarkand
32%
DoabLahoreGujarat
32%
LhasaLahorePersia
32%
SaxonyRheinlandChampagne
32%
WienRheinlandLübeck
32%
Mississippi RiverOhioChesapeake Bay
31%
OhioGulf of St. Lawrence
31%
ChenduXi'anBeijing
31%
HangzhouXi'anYumen
31%
AmazonasCaribbean
30%
(none)AmazonasBrazil
30%
NipponHangzhouMalacca
30%
CantonHangzhouBeijing
30%
HangzhouXi'an
30%
LhasaLahore
30%
LhasaChengdu
30%
(none)LhasaBengal
30%
CaliforniaGirinBeijing
28%
GirinNippon
28%
GirinSiberia
28%
Rio GrandeMississippi River
28%
(none)Rio GrandeMexico
28%
BengalDoabDeccan
27%
DoabLahore
27%
OhioGulf of St. Lawrence
27%
Hudson BayGulf of St. LawrenceNorth Sea
27%
Chesapeake BayGulf of St. LawrenceBordeaux
27%
ChengduXi'an
21%
ChengduBurma
21%
ChengduCanton
21%
LhasaChengduBengal
21%
(none)PatagoniaRio de La Plata
20%
(none)KatsinaEthiopia
18%
KatsinaTimbuktu
18%
KatsinaTunis
18%
BeijingYumenSamarkand
17%
Xi'anYumen
17%
KongoZambeziZanzibar
17%
(none)CuiabaLima
10%
CuiabaRio de La Plata
10%
CoromandelGujuratGulf of Aden
5%

Score Distribution

Percentile by Number Answered

Percent of People with Each Score

Your Score History

You have not taken this quiz since the last reset